[Event "FIDE World Cup 2025"]
[Site "Goa, India"]
[Date "2025.11.01"]
[Round "1.15"]
[White "Adly, Ahmed"]
[Black "Grigoryan, Karen H."]
[Result "1/2-1/2"]
[TimeControl ": 90 minutes for the first 40 moves, followed by 30 minutes for the rest of the gamewith an increment of 30 seconds per move starting from move 1"]
[WhiteFideId "10601619"]
[BlackFideId "13301004"]
[WhiteElo "2589"]
[BlackElo "2481"]

1. d4 {[%clk 01:30:19]} {[%emt 00:00:40]} d5 {[%clk 01:30:33]} {[%emt
00:00:27]} 2. Nf3 {[%clk 01:30:33]} {[%emt 00:00:15]} Nf6 {[%clk 01:30:54]}
{[%emt 00:00:10]} 3. c4 {[%clk 01:30:33]} {[%emt 00:00:30]} c6 {[%clk
01:30:32]} {[%emt 00:00:51]} 4. Nc3 {[%clk 01:29:48]} {[%emt 00:01:15]} dxc4
{[%clk 01:29:13]} {[%emt 00:01:49]} 5. a4 {[%clk 01:28:37]} {[%emt 00:01:42]}
Bf5 {[%clk 01:29:25]} {[%emt 00:00:17]} 6. Ne5 {[%clk 01:28:37]} {[%emt
00:00:31]} Nbd7 {[%clk 01:29:33]} {[%emt 00:00:21]} 7. Nxc4 {[%clk 01:29:04]}
{[%emt 00:00:04]} Qc7 {[%clk 01:29:01]} {[%emt 00:01:02]} 8. g3 {[%clk
01:29:17]} {[%emt 00:00:17]} e5 {[%clk 01:29:15]} {[%emt 00:00:15]} 9. dxe5
{[%clk 01:29:20]} {[%emt 00:00:28]} Nxe5 {[%clk 01:29:38]} {[%emt 00:00:07]} 10.
Bf4 {[%clk 01:28:35]} {[%emt 00:01:15]} Nfd7 {[%emt 00:00:20]} 11. Bg2 {[%clk
01:28:50]} {[%emt 00:00:07]} g5 {[%clk 01:12:42]} {[%emt 00:17:45]} 12. Ne3
{[%clk 01:29:16]} {[%emt 00:00:04]} gxf4 {[%clk 01:13:00]} {[%emt 00:00:11]} 13.
Nxf5 {[%clk 01:29:44]} {[%emt 00:00:03]} O-O-O {[%clk 01:13:07]} {[%emt
00:00:23]} 14. Qc2 {[%clk 01:30:05]} {[%emt 00:00:08]} Nc5 {[%clk 01:11:09]}
{[%emt 00:02:27]} 15. O-O {[%clk 01:27:51]} {[%emt 00:02:45]} a5 {[%clk
01:11:24]} {[%emt 00:00:15]} 16. Rad1 {[%clk 01:26:50]} {[%emt 00:01:31]} fxg3
{[%clk 01:04:50]} {[%emt 00:07:04]} 17. hxg3 {[%clk 01:17:46]} {[%emt
00:09:34]} Kb8 {[%clk 01:02:03]} {[%emt 00:03:17]} 18. Ne4 {[%clk 01:10:09]}
{[%emt 00:08:06]} Nxe4 {[%clk 01:00:03]} {[%emt 00:02:30]} 19. Bxe4 {[%clk
01:10:35]} {[%emt 00:00:04]} Bb4 {[%clk 00:59:23]} {[%emt 00:01:10]} 20. Kg2
{[%clk 01:10:55]} {[%emt 00:00:10]} h5 {[%clk 00:50:09]} {[%emt 00:09:44]} 21.
Rxd8+ {[%clk 00:57:31]} {[%emt 00:13:54]} Qxd8 {[%clk 00:50:11]} {[%emt
00:00:28]} 22. Rh1 {[%clk 00:57:49]} {[%emt 00:00:11]} Ng6 {[%clk 00:40:07]}
{[%emt 00:10:35]} 23. Qd3 {[%clk 00:39:06]} {[%emt 00:19:14]} Qe8 {[%clk
00:34:35]} {[%emt 00:06:01]} 24. Qd4 {[%clk 00:24:08]} {[%emt 00:15:27]} Qe6
{[%clk 00:29:03]} {[%emt 00:06:03]} 25. Bd3 {[%clk 00:20:35]} {[%emt 00:04:04]}
Qe5 {[%clk 00:18:08]} {[%emt 00:11:25]} 26. Qd7 {[%clk 00:18:39]} {[%emt
00:02:26]} Qf6 {[%clk 00:15:59]} {[%emt 00:02:39]} 27. Qd4 {[%clk 00:18:11]}
{[%emt 00:00:58]} Be7 {[%clk 00:11:17]} {[%emt 00:05:12]} 28. Qxf6 {[%clk
00:14:10]} {[%emt 00:04:32]} Bxf6 {[%clk 00:11:42]} {[%emt 00:00:05]} 29. Nd6
{[%clk 00:14:38]} {[%emt 00:00:02]} Ne5 {[%clk 00:11:51]} {[%emt 00:00:20]} 30.
Bf5 {[%clk 00:15:07]} {[%emt 00:00:02]} Kc7 {[%clk 00:09:15]} {[%emt 00:03:06]}
31. Ne4 {[%clk 00:15:35]} {[%emt 00:00:02]} Be7 {[%clk 00:09:37]} {[%emt
00:00:08]} 32. b3 {[%clk 00:15:50]} {[%emt 00:00:16]} Ng6 {[%clk 00:07:41]}
{[%emt 00:02:25]} 33. e3 {[%clk 00:15:08]} {[%emt 00:01:13]} h4 {[%clk
00:05:27]} {[%emt 00:02:44]} 34. g4 {[%clk 00:14:28]} {[%emt 00:01:10]} Rd8
{[%clk 00:05:28]} {[%emt 00:00:29]} 35. g5 {[%clk 00:12:33]} {[%emt 00:02:25]}
Rd3 {[%clk 00:04:56]} {[%emt 00:01:01]} 36. Bxg6 {[%clk 00:12:41]} {[%emt
00:00:23]} fxg6 {[%clk 00:05:21]} {[%emt 00:00:05]} 37. Rxh4 {[%clk 00:13:08]}
{[%emt 00:00:03]} Rxb3 {[%clk 00:05:42]} {[%emt 00:00:09]} 38. Rh6 {[%clk
00:12:23]} {[%emt 00:01:15]} b5 {[%clk 00:04:01]} {[%emt 00:02:11]} 39. Rxg6
{[%clk 00:12:48]} {[%emt 00:00:05]} bxa4 {[%clk 00:04:22]} {[%emt 00:00:09]} 40.
Rg7 {[%clk 00:13:09]} {[%emt 00:00:09]} Kd7 {[%clk 00:02:31]} {[%emt 00:02:22]}
41. g6 {[%clk 00:24:39]} {[%emt 00:19:00]} Rb4 {[%clk 00:22:26]} {[%emt
00:10:35]} 42. Kf3 {[%clk 00:24:38]} {[%emt 00:00:31]} a3 {[%clk 00:21:29]}
{[%emt 00:01:27]} 43. Rh7 {[%clk 00:24:22]} {[%emt 00:00:45]} a2 {[%clk
00:19:43]} {[%emt 00:02:16]} 44. g7 {[%clk 00:23:48]} {[%emt 00:01:04]} 1/2-1/2

[Event "FIDE World Cup 2025"]
[Site "Goa, India"]
[Date "2025.11.01"]
[Round "1.16"]
[White "Bellahcene, Bilel"]
[Black "Huschenbeth, Niclas"]
[Result "1/2-1/2"]
[TimeControl ": 90 minutes for the first 40 moves, followed by 30 minutes for the rest of the gamewith an increment of 30 seconds per move starting from move 1"]
[WhiteFideId "696358"]
[BlackFideId "24604747"]
[WhiteElo "2485"]
[BlackElo "2587"]

1. e4 {[%clk 01:30:56]} {[%emt 00:00:03]} e5 {[%clk 01:30:54]} {[%emt
00:00:06]} 2. Nf3 {[%clk 01:31:21]} {[%emt 00:00:06]} Nf6 {[%clk 01:31:18]}
{[%emt 00:00:06]} 3. Nc3 {[%clk 01:31:37]} {[%emt 00:00:15]} Nc6 {[%clk
01:31:35]} {[%emt 00:00:12]} 4. Bb5 {[%clk 01:31:55]} {[%emt 00:00:13]} Bb4
{[%clk 01:31:44]} {[%emt 00:00:21]} 5. O-O {[%clk 01:32:18]} {[%emt 00:00:07]}
O-O {[%clk 01:32:01]} {[%emt 00:00:13]} 6. d3 {[%clk 01:32:45]} {[%emt
00:00:03]} Bxc3 {[%clk 01:32:25]} {[%emt 00:00:06]} 7. bxc3 {[%clk 01:33:11]}
{[%emt 00:00:04]} d6 {[%clk 01:32:47]} {[%emt 00:00:08]} 8. Bg5 {[%clk
01:33:32]} {[%emt 00:00:08]} h6 {[%clk 01:32:00]} {[%emt 00:01:17]} 9. Bh4
{[%clk 01:33:58]} {[%emt 00:00:05]} a6 {[%clk 01:32:01]} {[%emt 00:00:29]} 10.
Ba4 {[%clk 01:34:11]} {[%emt 00:00:17]} Qe7 {[%clk 01:31:49]} {[%emt 00:00:42]}
11. Re1 {[%clk 01:34:28]} {[%emt 00:00:13]} Nd8 {[%clk 01:30:53]} {[%emt
00:01:25]} 12. d4 {[%clk 01:34:46]} {[%emt 00:00:12]} Ne6 {[%clk 01:30:46]}
{[%emt 00:00:37]} 13. dxe5 {[%clk 01:35:09]} {[%emt 00:00:08]} dxe5 {[%clk
01:31:07]} {[%emt 00:00:08]} 14. Nxe5 {[%clk 01:35:23]} {[%emt 00:00:16]} Nc5
{[%clk 01:31:12]} {[%emt 00:00:25]} 15. Nd3 {[%clk 01:35:48]} {[%emt 00:00:05]}
Nxa4 {[%clk 01:31:26]} {[%emt 00:00:17]} 16. e5 {[%clk 01:36:13]} {[%emt
00:00:05]} g5 {[%clk 01:28:53]} {[%emt 00:03:03]} 17. exf6 {[%clk 01:36:39]}
{[%emt 00:00:05]} Qxf6 {[%clk 01:29:16]} {[%emt 00:00:06]} 18. Bg3 {[%clk
01:37:02]} {[%emt 00:00:07]} Nxc3 {[%clk 01:28:49]} {[%emt 00:00:58]} 19. Qh5
{[%clk 01:37:20]} {[%emt 00:00:12]} Qg6 {[%clk 01:26:46]} {[%emt 00:02:32]} 20.
Qf3 {[%clk 01:36:15]} {[%emt 00:01:35]} Qf5 {[%clk 01:26:58]} {[%emt 00:00:17]}
21. Qh5 {[%clk 01:35:37]} {[%emt 00:01:08]} Qg6 {[%clk 01:26:24]} {[%emt
00:01:05]} 22. Qf3 {[%clk 01:36:03]} {[%emt 00:00:04]} Qf5 {[%clk 01:26:48]}
{[%emt 00:00:06]} 23. Qh5 {[%clk 01:36:30]} {[%emt 00:00:03]} Qg6 {[%clk
01:25:35]} 1/2-1/2

[Event "FIDE World Cup 2025"]
[Site "Goa, India"]
[Date "2025.11.01"]
[Round "1.17"]
[White "Abasov, Nijat"]
[Black "Suyarov, Mukhammadzokhid"]
[Result "1-0"]
[TimeControl ": 90 minutes for the first 40 moves, followed by 30 minutes for the rest of the gamewith an increment of 30 seconds per move starting from move 1"]
[WhiteFideId "13402960"]
[BlackFideId "14210495"]
[WhiteElo "2587"]
[BlackElo "2482"]

1. Nf3 {[%clk 01:30:55]} {[%emt 00:00:02]} Nf6 {[%clk 01:30:01]} {[%emt
00:00:54]} 2. g3 {[%clk 01:30:08]} {[%emt 00:01:23]} g6 {[%clk 01:29:47]}
{[%emt 00:00:45]} 3. Bg2 {[%clk 01:30:32]} {[%emt 00:00:05]} Bg7 {[%clk
01:29:49]} {[%emt 00:00:29]} 4. O-O {[%clk 01:30:50]} {[%emt 00:00:11]} O-O
{[%clk 01:29:58]} {[%emt 00:00:22]} 5. d4 {[%clk 01:31:16]} {[%emt 00:00:03]}
d6 {[%clk 01:29:52]} {[%emt 00:00:37]} 6. Re1 {[%clk 01:31:39]} {[%emt
00:00:06]} c5 {[%clk 01:28:55]} {[%emt 00:01:28]} 7. dxc5 {[%clk 01:30:33]}
{[%emt 00:01:35]} dxc5 {[%clk 01:29:14]} {[%emt 00:00:12]} 8. c3 {[%clk
01:30:59]} {[%emt 00:00:04]} Qb6 {[%clk 01:19:24]} {[%emt 00:10:20]} 9. e4
{[%clk 01:26:08]} {[%emt 00:05:20]} Nc6 {[%clk 01:17:47]} {[%emt 00:02:08]} 10.
Na3 {[%clk 01:22:19]} {[%emt 00:04:18]} h6 {[%clk 01:10:47]} {[%emt 00:07:31]}
11. h3 {[%clk 01:01:16]} {[%emt 00:21:32]} Rd8 {[%clk 01:03:50]} {[%emt
00:07:27]} 12. Qc2 {[%clk 01:01:01]} {[%emt 00:00:43]} Qc7 {[%clk 00:59:28]}
{[%emt 00:04:53]} 13. Be3 {[%clk 00:53:46]} {[%emt 00:07:45]} b6 {[%clk
00:52:31]} {[%emt 00:07:29]} 14. b4 {[%clk 00:46:37]} {[%emt 00:07:38]} a6
{[%clk 00:39:44]} {[%emt 00:13:18]} 15. bxc5 {[%clk 00:45:15]} {[%emt
00:01:52]} bxc5 {[%clk 00:38:55]} {[%emt 00:01:19]} 16. Nc4 {[%clk 00:44:52]}
{[%emt 00:00:53]} Be6 {[%clk 00:37:39]} {[%emt 00:01:46]} 17. Bf4 {[%clk
00:41:28]} {[%emt 00:03:53]} Qa7 {[%clk 00:33:47]} {[%emt 00:04:23]} 18. Bf1
{[%clk 00:41:50]} {[%emt 00:00:08]} Nd7 {[%clk 00:28:15]} {[%emt 00:06:01]} 19.
Rab1 {[%clk 00:38:48]} {[%emt 00:03:32]} g5 {[%clk 00:26:53]} {[%emt 00:01:53]}
20. Be3 {[%clk 00:39:01]} {[%emt 00:00:16]} Qc7 {[%clk 00:26:14]} {[%emt
00:01:10]} 21. Red1 {[%clk 00:24:39]} {[%emt 00:14:52]} Na5 {[%clk 00:20:03]}
{[%emt 00:06:41]} 22. Nfd2 {[%clk 00:22:33]} {[%emt 00:02:35]} Nc6 {[%clk
00:16:34]} {[%emt 00:03:59]} 23. f4 {[%clk 00:20:32]} {[%emt 00:02:32]} gxf4
{[%clk 00:10:01]} {[%emt 00:07:03]} 24. gxf4 {[%clk 00:20:29]} {[%emt
00:00:33]} Nf6 {[%clk 00:09:21]} {[%emt 00:01:10]} 25. Nb3 {[%clk 00:20:28]}
{[%emt 00:00:31]} Nh5 {[%clk 00:06:19]} {[%emt 00:03:33]} 26. Qf2 {[%clk
00:19:24]} {[%emt 00:01:33]} Rxd1 {[%clk 00:01:27]} {[%emt 00:05:23]} 27. Rxd1
{[%clk 00:19:43]} {[%emt 00:00:10]} Rd8 {[%clk 00:01:49]} {[%emt 00:00:08]} 28.
Rxd8+ {[%clk 00:19:15]} {[%emt 00:00:58]} Nxd8 {[%clk 00:01:35]} {[%emt
00:00:44]} 29. e5 {[%clk 00:14:25]} {[%emt 00:05:20]} Bf8 {[%clk 00:01:26]}
{[%emt 00:00:38]} 30. Nxc5 {[%clk 00:14:13]} {[%emt 00:00:42]} Bxc4 {[%clk
00:01:17]} {[%emt 00:00:40]} 31. Bxc4 {[%clk 00:14:38]} {[%emt 00:00:05]} e6
{[%clk 00:01:32]} {[%emt 00:00:15]} 32. Bf1 {[%clk 00:14:13]} {[%emt 00:00:55]}
Ng7 {[%clk 00:00:50]} {[%emt 00:01:13]} 33. Ne4 {[%clk 00:14:16]} {[%emt
00:00:26]} Qc8 {[%clk 00:00:33]} {[%emt 00:00:47]} 34. Bd3 {[%clk 00:13:24]}
{[%emt 00:01:22]} Kh8 {[%clk 00:00:32]} {[%emt 00:00:31]} 35. Bc5 {[%clk
00:11:11]} {[%emt 00:02:42]} Nc6 {[%clk 00:00:32]} {[%emt 00:00:31]} 36. Nd6
{[%clk 00:08:51]} {[%emt 00:02:50]} Qd7 {[%clk 00:00:32]} {[%emt 00:00:30]} 37.
Bxa6 {[%clk 00:07:44]} {[%emt 00:01:37]} f5 {[%clk 00:00:32]} {[%emt 00:00:30]}
38. Bb5 {[%clk 00:07:15]} {[%emt 00:00:58]} Nh5 {[%clk 00:00:33]} {[%emt
00:00:30]} 39. Kh2 {[%clk 00:05:58]} {[%emt 00:01:46]} Nf6 {[%clk 00:00:32]}
{[%emt 00:00:32]} 40. Qg2 {[%clk 00:04:49]} {[%emt 00:01:38]} 1-0

[Event "FIDE World Cup 2025"]
[Site "Goa, India"]
[Date "2025.11.01"]
[Round "1.18"]
[White "Avila Pavas, Santiago"]
[Black "Motylev, Alexander"]
[Result "0-1"]
[TimeControl ": 90 minutes for the first 40 moves, followed by 30 minutes for the rest of the gamewith an increment of 30 seconds per move starting from move 1"]
[WhiteFideId "4437128"]
[BlackFideId "4121830"]
[WhiteElo "2490"]
[BlackElo "2586"]

1. e4 {[%clk 01:30:56]} {[%emt 00:00:04]} e5 {[%clk 01:30:48]} {[%emt
00:00:12]} 2. Nf3 {[%clk 01:31:09]} {[%emt 00:00:16]} Nc6 {[%clk 01:31:12]}
{[%emt 00:00:06]} 3. Bc4 {[%clk 01:31:17]} {[%emt 00:00:23]} Bc5 {[%clk
01:31:34]} {[%emt 00:00:07]} 4. d3 {[%clk 01:31:25]} {[%emt 00:00:22]} d6
{[%clk 01:31:36]} {[%emt 00:00:28]} 5. c3 {[%clk 01:31:01]} {[%emt 00:00:54]}
Nf6 {[%clk 01:31:59]} {[%emt 00:00:06]} 6. O-O {[%clk 01:28:10]} {[%emt
00:03:22]} h6 {[%clk 01:32:16]} {[%emt 00:00:13]} 7. Re1 {[%clk 01:27:57]}
{[%emt 00:00:43]} Bb6 {[%clk 01:32:39]} {[%emt 00:00:07]} 8. b4 {[%clk
01:10:48]} {[%emt 00:17:39]} O-O {[%clk 01:32:09]} {[%emt 00:00:59]} 9. h3
{[%clk 01:06:51]} {[%emt 00:04:27]} Ne7 {[%clk 01:30:01]} {[%emt 00:02:38]} 10.
a4 {[%clk 00:52:01]} {[%emt 00:15:21]} a5 {[%clk 01:27:06]} {[%emt 00:03:25]}
11. bxa5 {[%clk 00:49:30]} {[%emt 00:03:02]} Bxa5 {[%clk 01:24:36]} {[%emt
00:03:00]} 12. Qb3 {[%clk 00:49:52]} {[%emt 00:00:08]} Bb6 {[%clk 01:19:26]}
{[%emt 00:05:40]} 13. Nbd2 {[%clk 00:46:47]} {[%emt 00:03:35]} Nc6 {[%clk
01:15:45]} {[%emt 00:04:11]} 14. Qc2 {[%clk 00:46:23]} {[%emt 00:00:54]} Bd7
{[%clk 01:12:16]} {[%emt 00:03:58]} 15. Ba2 {[%clk 00:42:24]} {[%emt 00:04:29]}
Re8 {[%clk 01:06:33]} {[%emt 00:06:14]} 16. Nc4 {[%clk 00:37:28]} {[%emt
00:05:27]} Ba7 {[%clk 01:06:37]} {[%emt 00:00:25]} 17. Rb1 {[%clk 00:24:10]}
{[%emt 00:13:48]} Qc8 {[%clk 01:03:46]} {[%emt 00:03:21]} 18. Kh2 {[%clk
00:15:30]} {[%emt 00:09:10]} Nd8 {[%clk 00:51:34]} {[%emt 00:12:42]} 19. d4
{[%clk 00:12:00]} {[%emt 00:04:01]} Nc6 {[%clk 00:46:26]} {[%emt 00:05:38]} 20.
Qb3 {[%clk 00:06:37]} {[%emt 00:05:53]} exd4 {[%clk 00:37:00]} {[%emt
00:09:55]} 21. cxd4 {[%clk 00:03:54]} {[%emt 00:03:13]} Nxd4 {[%clk 00:30:29]}
{[%emt 00:07:02]} 22. Qd3 {[%clk 00:02:59]} {[%emt 00:01:24]} Ne6 {[%clk
00:21:32]} {[%emt 00:09:26]} 23. e5 {[%clk 00:03:26]} {[%emt 00:00:04]} Nc5
{[%clk 00:21:13]} {[%emt 00:00:50]} 24. Qa3 {[%clk 00:03:04]} {[%emt 00:00:52]}
Nfe4 {[%clk 00:16:20]} {[%emt 00:05:23]} 25. exd6 {[%clk 00:03:19]} {[%emt
00:00:15]} cxd6 {[%clk 00:13:40]} {[%emt 00:03:09]} 26. Bf4 {[%clk 00:02:44]}
{[%emt 00:01:05]} Be6 {[%clk 00:11:03]} {[%emt 00:03:07]} 27. Nxd6 {[%clk
00:01:39]} {[%emt 00:01:35]} Nxd6 {[%clk 00:09:38]} {[%emt 00:01:55]} 28. Bxd6
{[%clk 00:02:03]} {[%emt 00:00:06]} Bb8 {[%clk 00:09:14]} {[%emt 00:00:54]} 29.
Bxb8 {[%clk 00:01:56]} {[%emt 00:00:37]} Rxa4 {[%clk 00:07:56]} {[%emt
00:01:49]} 30. Qe3 {[%clk 00:02:20]} {[%emt 00:00:06]} Re4 {[%clk 00:03:15]}
{[%emt 00:05:11]} 31. Qa3 {[%clk 00:02:47]} {[%emt 00:00:04]} Qxb8+ {[%clk
00:03:00]} {[%emt 00:00:46]} 32. Kg1 {[%clk 00:03:12]} {[%emt 00:00:05]} Bxa2
{[%clk 00:02:29]} {[%emt 00:01:01]} 33. Qxa2 {[%clk 00:03:35]} {[%emt
00:00:06]} Rxe1+ {[%clk 00:02:44]} {[%emt 00:00:15]} 34. Nxe1 {[%clk 00:04:01]}
{[%emt 00:00:05]} Qd6 {[%clk 00:01:33]} {[%emt 00:01:42]} 35. Qc2 {[%clk
00:03:24]} {[%emt 00:01:07]} Qg6 {[%clk 00:00:39]} {[%emt 00:01:24]} 36. Qxg6
{[%clk 00:02:34]} {[%emt 00:01:20]} fxg6 {[%clk 00:01:08]} {[%emt 00:00:01]} 37.
Nf3 {[%clk 00:02:57]} {[%emt 00:00:08]} g5 {[%clk 00:01:16]} {[%emt 00:00:21]}
38. Rc1 {[%clk 00:01:09]} {[%emt 00:02:18]} Nd3 {[%clk 00:00:49]} {[%emt
00:00:57]} 39. Rc7 {[%clk 00:00:35]} {[%emt 00:01:04]} Rb8 {[%clk 00:00:44]}
{[%emt 00:00:35]} 40. Nd4 {[%clk 00:00:32]} {[%emt 00:00:33]} b5 {[%clk
00:00:43]} {[%emt 00:00:32]} 41. Rc3 {[%clk 00:09:07]} {[%emt 00:21:55]} Nf4
{[%clk 00:29:16]} {[%emt 00:01:56]} 42. Rb3 {[%clk 00:09:29]} {[%emt 00:00:08]}
b4 {[%clk 00:28:21]} {[%emt 00:01:26]} 43. g3 {[%clk 00:09:42]} {[%emt
00:00:17]} Nd5 {[%clk 00:26:07]} {[%emt 00:02:45]} 44. Kg2 {[%clk 00:10:10]}
{[%emt 00:00:02]} Rf8 {[%clk 00:22:41]} {[%emt 00:03:55]} 45. Rb2 {[%clk
00:08:29]} {[%emt 00:02:12]} Rf6 {[%clk 00:16:14]} {[%emt 00:06:58]} 46. Nc2
{[%clk 00:08:20]} {[%emt 00:00:38]} Rb6 {[%clk 00:16:20]} {[%emt 00:00:23]} 47.
Kf3 {[%clk 00:08:43]} {[%emt 00:00:08]} Kf7 {[%clk 00:15:47]} {[%emt 00:01:03]}
48. Ke4 {[%clk 00:08:34]} {[%emt 00:00:40]} Nc3+ {[%clk 00:11:53]} {[%emt
00:04:24]} 49. Kd4 {[%clk 00:03:52]} {[%emt 00:05:12]} Rd6+ {[%clk 00:09:08]}
{[%emt 00:03:15]} 50. Kc4 {[%clk 00:03:48]} {[%emt 00:00:34]} Rd2 {[%clk
00:05:42]} {[%emt 00:03:55]} 51. Kxb4 {[%clk 00:03:48]} {[%emt 00:00:31]} Nd1
{[%clk 00:05:24]} {[%emt 00:00:48]} 52. Ra2 {[%clk 00:03:48]} {[%emt 00:00:31]}
Nxf2 {[%clk 00:05:45]} {[%emt 00:00:08]} 53. Ra7+ {[%clk 00:04:08]} {[%emt
00:00:10]} Kg6 {[%clk 00:05:48]} {[%emt 00:00:27]} 54. Ne3 {[%clk 00:01:47]}
{[%emt 00:02:51]} Nxh3 {[%clk 00:02:28]} {[%emt 00:03:50]} 55. g4 {[%clk
00:01:38]} {[%emt 00:00:40]} Nf2 {[%clk 00:02:41]} {[%emt 00:00:17]} 56. Ra6+
{[%clk 00:01:37]} {[%emt 00:00:31]} Kh7 {[%clk 00:02:28]} {[%emt 00:00:42]} 57.
Ra7 {[%clk 00:02:02]} {[%emt 00:00:05]} Rd8 {[%clk 00:01:06]} {[%emt 00:01:52]}
58. Kc5 {[%clk 00:00:32]} {[%emt 00:02:01]} Rf8 {[%clk 00:01:01]} {[%emt
00:00:36]} 59. Kd5 {[%clk 00:00:31]} {[%emt 00:00:31]} Rd8+ {[%clk 00:01:12]}
{[%emt 00:00:18]} 60. Kc6 {[%clk 00:00:41]} {[%emt 00:00:20]} Kg6 {[%clk
00:01:11]} {[%emt 00:00:31]} 61. Kb5 {[%clk 00:00:31]} {[%emt 00:00:40]} Re8
{[%clk 00:01:08]} {[%emt 00:00:32]} 62. Ra6+ {[%clk 00:00:34]} {[%emt
00:00:28]} Kh7 {[%clk 00:01:27]} {[%emt 00:00:11]} 63. Ra3 {[%clk 00:00:48]}
{[%emt 00:00:15]} Re4 {[%clk 00:01:44]} {[%emt 00:00:13]} 0-1